000 00278nam a2200109Ia 4500
008 190912s9999||||xx |||||||||||||| ||und||
100 _aMahmood, Shahid
245 0 _aAnnotated Bibliography of Research Theses
260 _aIslamabad
_bPrentice
_c1998
300 _a558
942 _cBK
999 _c7116
_d7116